000 00464nam a22002057a 4500
003 bpm
005 20260417102020.0
008 260417b |||||||| |||| 00| p spa d
020 _a9506390436
024 _aS. C. C. / M. C. y E. M.:
040 _aAR-CtUCP
041 _aspa
080 _aCDU
100 _aDarío Rubén
245 _aPoemas
260 _aBuenos Aires
_bLosada
_c1997
650 _aLiteratura - Poesía
942 _cLIB
999 _c76661
_d76661